| 000 | 00965nam0a22002771 4500 | ||
|---|---|---|---|
| 001 | rc\3203265 | ||
| 005 | 20260406074724.0 | ||
| 021 |
_aRU _b76-89316 |
||
| 035 | _a(NLR Aleph) 007357863 | ||
| 090 |
_a6276787 _c6276787 |
||
| 100 | _a20130115d1976 |||y0rusy50 ca | ||
| 101 | 0 | _arus | |
| 102 | _aRU | ||
| 105 | _aa z ||||| | ||
| 200 | 1 | _aТихонов и Осетия | |
| 210 |
_aОрджоникидзе _cИр _d1976 |
||
| 215 |
_a63 с. _cил. _d17 |
||
| 320 | _aБиблиогр.: с. 59-62 | ||
| 700 | 1 |
_aГиреев _bД.А. _cканд. филол. наук, лермонтовед _f1916-1981 _gДевлет Азаматович _9170051 _3RU\NLR\AUTH\770170101 |
|
| 702 | 1 |
_4570 _8rus _7ca _aТихонов _bН. С. _cпоэт, писатель _f1896-1979 _gНиколай Семенович _3RU\NLR\AUTH\7735367 _918364 |
|
| 801 | 0 |
_aRU _bNLR _gpsbo |
|
| 801 | 1 |
_aRU _bELAR _2rusmarc |
|
| 852 |
_aNLR _j78-2/598 |
||
| 942 | _cBOOK | ||
| 980 | _aNB | ||